000 00859cam a2200217 i 4500
005 20251120101805.0
008 250721s1985 ir gr 000 0 ara d
082 1 4 _a210.955
_bم ر ت
100 1 _aالمطهري، مرتضى
_eمؤلف.
245 1 2 _aالإسلام وإيران /
_cتأليف الشهيد آية الله مرتضى المطهري ؛ ترجمة محمد هادي اليوسفي الغروي.
250 _aالطبعة الأولى.
264 3 1 _aطهران :
_bمنظمة الإعلام الإسلامي _ قسم العلاقات الدولية،
_c1985.
300 _aجزء 3.
650 1 7 _aالإسلام.
650 1 7 _aالتاريخ.
650 1 7 _aإيران.
650 1 7 _aالمسلمون.
700 1 _aالغروي، محمد هادي اليوسفي
_eمترجم.
942 _2ddc
_cBK
999 _c4388
_d4388